Cost and management accounting/ (Record no. 9872)

MARC details
000 -LEADER
fixed length control field 00656cac a22001931u 4500
090 ## - LOCALLY ASSIGNED LC-TYPE CALL NUMBER (OCLC); LOCAL CALL NUMBER (OCLC)
-- 9872
008 - FIXED-LENGTH DATA ELEMENTS--GENERAL INFORMATION
fixed length control field 081126t 1989xxu||||| |||| 00| 0 eng d
020 ## - INTERNATIONAL STANDARD BOOK NUMBER
International Standard Book Number 0333442490
082 ## - DEWEY DECIMAL CLASSIFICATION NUMBER
Classification number 657.42
Item number HUS
100 ## - MAIN ENTRY--PERSONAL NAME
Personal name Hussey, Roger
245 ## - TITLE STATEMENT
Title Cost and management accounting/
Statement of responsibility, etc Roger Hussey
260 ## - PUBLICATION, DISTRIBUTION, ETC. (IMPRINT)
Place of publication, distribution, etc London:
Name of publisher, distributor, etc Macmillan,
Date of publication, distribution, etc 1989
260 ## - PUBLICATION, DISTRIBUTION, ETC. (IMPRINT)
Name of publisher, distributor, etc Distributer: Al-Ahram
300 ## - PHYSICAL DESCRIPTION
Extent 217p.:
Other physical details ill;
Dimensions 21cm.
650 ## - SUBJECT ADDED ENTRY--TOPICAL TERM
Topical term or geographic name as entry element Managerial accounting
650 ## - SUBJECT ADDED ENTRY--TOPICAL TERM
Topical term or geographic name as entry element Cost accounting
942 ## - ADDED ENTRY ELEMENTS (KOHA)
Item type Book - Borrowing
Call number prefix 657.42HUS
Source of classification or shelving scheme Dewey Decimal Classification
Holdings
Withdrawn status Item status Source of classification or shelving scheme Damaged status Not for loan Home library Current library Shelving location Date acquired Source of acquisition Total Checkouts Full call number Barcode Date last seen Koha item type
    Dewey Decimal Classification     Central Library Central Library First floor 08/06/2011 Purchase   657.42 HUS 000012202 15/07/2025 Book - Borrowing